000 00606nam a2200193Ia 4500
005 20250508163138.0
008 008 250505s9999 xx 000 0 eng d
020 _a0-8426-0963-6 V 1; 0-8426-0975-X V 2; 0-8426-0975-X V4
037 _aTextual
040 _aFEDL
_beng
_cFEDL
041 _aeng
_2eng
084 _a181.409, DAS
_qFEDL
100 _aDasgupta Surendra Nath
245 0 _aHistory of Indian philosophy, 4 vols
260 _aDelhi, India
_bMotilal Banarsi Dass
_c1975
650 _aOriental philosophy
_9755543
942 _cTEXL
_h181.409, DAS
999 _c1381126
_d1381126